| 000 | 00861nam a22003250a 4500 | ||
|---|---|---|---|
| 001 | PT55582 | ||
| 003 | AR-LpoUNG | ||
| 005 | 20210131231710.0 | ||
| 008 | 191001s2014||||ag |||||||||||||||||spa d | ||
| 020 |
_a9789870433637 _c$74 |
||
| 040 |
_aAR-LpoUNG _bspa _cAR-LpoUNG _eaacr |
||
| 041 | _aspa | ||
| 044 | _aag | ||
| 082 | 0 | _aA863 827tod | |
| 100 | 1 | _aCortázar, Julio | |
| 245 | 1 | 0 | _aTodos los fuegos el fuego |
| 250 | _a1ra. ed. | ||
| 260 |
_aBuenos Aires : _bAlfaguara, _c2014. |
||
| 300 |
_a191 p. : _bil. |
||
| 505 | 0 | _aEdición especial para el Ministerio de Educación de la Nación. | |
| 650 | 4 | _aARGENTINA | |
| 650 | 4 | _aCUENTOS | |
| 650 | 4 | _aFICCION | |
| 650 | 4 | _aLITERATURA | |
| 651 | 4 | _aDOCUMENTOS TEORICOS O METODOLOGICOS | |
| 653 | _aESCUELA SECUNDARIA | ||
| 653 | _aLITERATURA ARGENTINA | ||
| 905 | _a55582 | ||
| 942 | _cLIB | ||
| 999 |
_c11481 _d11481 |
||